000 00479nam a2200181Ia 4500
001 8687
005 20260306160628.0
008 260306t2012||||xx |||||||||||||| ||spa||
041 _aESP
082 _a371.3
_bB163
100 _aBoeglin Naumovic, Martha
_eAUT
245 0 _aLeer y redactar en la universidad:
_bdel caos de las ideas al texto estructurado
260 _c2012
300 _a217 páginas :
_c24 cm.
650 _aGEN
654 _aCED
942 _cLIB
_dJUS
_fJUS
_2ddc
_n
999 _c8687
_d8687